[Event "TCh-CHN Division A 2014"]
[Site "Shaoguan CHN"]
[Date "2014.07.24"]
[Round "8.3"]
[White "Li, Yunshan"]
[Black "Lei, Tingjie"]
[Result "0-1"]
[WhiteTitle "WFM"]
[BlackTitle "WGM"]
[WhiteElo "1951"]
[BlackElo "2421"]
[WhiteTeam "Chengdu"]
[BlackTeam "Qingdao Experimental School"]
[WhiteFideId "8607664"]
[BlackFideId "8605114"]
[EventDate "2014.04.12"]

1. d4 Nf6 2. c4 g6 3. Nc3 d5 4. Nf3 Bg7 5. Bf4 dxc4 6. e4 c5 7. dxc5 Qa5 8. e5
Ne4 9. Qd4 Nxc3 10. bxc3 Be6 11. Ng5 Nc6 12. Qe3 Bd5 13. Rd1 e6 14. Rd2 O-O 15.
Rc2 Rac8 16. Ne4 Nxe5 17. Bxe5 Bxe5 18. Nd2 Bg7 19. Nf3 Qxc5 20. Qxc5 Rxc5 21.
Be2 Be4 22. Rc1 Bd3 23. Nd4 Rd8 24. Nf3 Ra5 25. Bxd3 Rxd3 26. O-O Rxc3 27. Rcd1
Rd3 28. Rb1 b5 29. a4 a6 30. axb5 axb5 31. Rfc1 Rda3 32. Ne1 Ra1 33. Nc2 Rxb1
34. Rxb1 Ra2 35. Nb4 Ra1 36. Rxa1 Bxa1 37. Kf1 Bc3 38. Na2 Ba5 39. Ke2 b4 0-1

[Event "TCh-CHN Division A 2014"]
[Site "Shaoguan CHN"]
[Date "2014.07.24"]
[Round "8.4"]
[White "Zhao, Jun"]
[Black "Zhou, Jiangnan"]
[Result "1-0"]
[WhiteTitle "GM"]
[WhiteElo "2578"]
[BlackElo "2100"]
[WhiteTeam "Shandong"]
[BlackTeam "Qingdao Qingwei"]
[WhiteFideId "8602522"]
[BlackFideId "8609918"]
[EventDate "2014.04.12"]

1. e4 c6 2. d4 d5 3. exd5 cxd5 4. Bd3 Nf6 5. c3 e6 6. Nf3 Bd6 7. O-O Qc7 8. Qe2
Nbd7 9. Re1 b6 10. Ne5 Bb7 11. Bf4 Bxe5 12. dxe5 Ne4 13. Na3 g5 14. Nb5 Qb8 15.
Bxe4 gxf4 16. Bd3 Nc5 17. Nd6+ Ke7 18. Qh5 Qf8 19. Bf1 Rb8 20. Qh4+ f6 21. Qxf4
Nd7 22. exf6+ Qxf6 23. Nf5+ Kd8 24. Nd4 Qxf4 25. Nxe6+ Ke7 26. Nxf4+ Kf7 27.
Rad1 Nf6 28. c4 1-0

[Event "TCh-CHN Division A 2014"]
[Site "Shaoguan CHN"]
[Date "2014.07.24"]
[Round "8.4"]
[White "Liu, Qingnan"]
[Black "Fang, Yuxiang"]
[Result "1/2-1/2"]
[WhiteTitle "IM"]
[WhiteElo "2510"]
[BlackElo "2324"]
[WhiteTeam "Shandong"]
[BlackTeam "Qingdao Qingwei"]
[WhiteFideId "8603294"]
[BlackFideId "8605840"]
[EventDate "2014.04.12"]

1. d4 d5 2. Nf3 Nf6 3. c4 c6 4. e3 a6 5. Bd3 Bg4 6. Nbd2 e6 7. Qc2 Nbd7 8. b3
Bd6 9. Bb2 Qb8 10. h3 Bh5 11. Nh4 Bg3 12. Ndf3 Bd6 13. O-O-O Qd8 14. g4 Bg6 15.
Nxg6 hxg6 16. Ne5 O-O 17. c5 Be7 18. Nxd7 Nxd7 19. f4 f5 20. Rdg1 Nf6 21. Qg2
Rf7 22. g5 Nh5 23. Be2 Kf8 24. Bxh5 gxh5 25. g6 Rf6 26. Qg5 Ke8 27. Qxh5 Kd7 28.
Qe2 Qe8 29. Qg2 Qh8 30. h4 Qh5 31. Qg5 Qf3 32. Qg3 Qh5 33. Bc3 Rh8 34. Ba5 Kc8
35. Qg5 Qf3 36. Bd2 Rh5 37. Qg2 Qxg2 38. Rxg2 Rf8 39. Be1 Rfh8 40. Kd1 Kd7 41.
Ke2 R5h6 42. Rgh2 1/2-1/2

[Event "TCh-CHN Division A 2014"]
[Site "Shaoguan CHN"]
[Date "2014.07.24"]
[Round "8.4"]
[White "Wen, Yang"]
[Black "Yu, Chaojie"]
[Result "1-0"]
[WhiteTitle "GM"]
[WhiteElo "2586"]
[BlackElo "2107"]
[WhiteTeam "Shandong"]
[BlackTeam "Qingdao Qingwei"]
[WhiteFideId "8602956"]
[BlackFideId "8608555"]
[EventDate "2014.04.12"]

1. Nf3 d6 2. d4 Bg4 3. e4 Nd7 4. c3 Ngf6 5. Bd3 e5 6. O-O Be7 7. Re1 O-O 8. Nbd2
Re8 9. h3 Bh5 10. Nf1 Bf8 11. Ng3 Bg6 12. Nh4 d5 13. Nxg6 hxg6 14. Be3 dxe4 15.
Nxe4 Nxe4 16. Bxe4 exd4 17. Qxd4 Bc5 18. Qc4 b5 19. Qd5 c6 20. Qxc6 Rc8 21. Qd5
Re5 22. Qd3 Bxe3 23. Rxe3 Nc5 24. Qe2 Nxe4 25. Rxe4 Rxe4 26. Qxe4 Qd2 27. Qb7
Re8 28. Qxb5 Re2 29. Qb8+ Kh7 30. Qxa7 Qxb2 31. Rd1 Qc2 32. Qd4 Re4 33. Qd2 Qa4
34. Rb1 Qe8 35. Rb4 Re1+ 36. Kh2 Re2 37. Qf4 Rxa2 38. Rb7 Rc2 39. Rxf7 Rxc3 40.
Qf6 Qb8+ 41. g3 1-0

[Event "TCh-CHN Division A 2014"]
[Site "Shaoguan CHN"]
[Date "2014.07.24"]
[Round "8.4"]
[White "Yang, Yingxia"]
[Black "Sun, Fanghui"]
[Result "0-1"]
[WhiteElo "1827"]
[BlackElo "2077"]
[WhiteTeam "Qingdao Qingwei"]
[BlackTeam "Shandong"]
[WhiteFideId "8609837"]
[BlackFideId "8604150"]
[EventDate "2014.04.12"]

1. d4 Nf6 2. c4 c5 3. e3 g6 4. Nc3 Bg7 5. Bd3 O-O 6. Nge2 cxd4 7. Nxd4 d5 8. O-O
e5 9. Nb3 Nc6 10. cxd5 Nxd5 11. Nxd5 Qxd5 12. e4 Qd6 13. Bc4 Nd4 14. Nxd4 exd4
15. Qb3 Be6 16. Bxe6 Qxe6 17. Qxe6 fxe6 18. f4 e5 19. fxe5 Rxf1+ 20. Kxf1 Bxe5
21. h3 Rc8 22. Rb1 Rc2 23. a4 Bg3 24. b3 Rf2+ 25. Kg1 Re2 26. Bh6 Kf7 27. Rf1+
Ke6 28. Bf4 Be1 29. e5 d3 30. Rf3 Re4 31. Bg3 Bxg3 32. Rxg3 d2 0-1

[Event "TCh-CHN Division A 2014"]
[Site "Shaoguan CHN"]
[Date "2014.07.24"]
[Round "8.4"]
[White "Lv, Jingen"]
[Black "Xiao, Yiyi"]
[Result "0-1"]
[BlackTitle "WFM"]
[WhiteElo "1823"]
[BlackElo "2248"]
[WhiteTeam "Qingdao Qingwei"]
[BlackTeam "Shandong"]
[WhiteFideId "8610509"]
[BlackFideId "8606161"]
[EventDate "2014.04.12"]

1. e4 c5 2. Nf3 e6 3. d4 cxd4 4. Nxd4 Nc6 5. c4 Nf6 6. Nc3 Bb4 7. Bg5 Qa5 8.
Nxc6 Bxc3+ 9. bxc3 Qxg5 10. Nd4 Nxe4 11. Qc2 Nf6 12. Nf3 Qc5 13. Bd3 b6 14. O-O
Bb7 15. Nd4 O-O 16. Rfe1 Rac8 17. Qe2 d5 18. cxd5 Qxd5 19. Nf3 Rxc3 20. Rad1 Qh5
21. Ne5 Qxe2 22. Rxe2 g6 23. f3 Rd8 24. Red2 Rc5 25. f4 Rcd5 26. Kf1 Ba6 27. Ke1
Bxd3 28. Rxd3 Rxd3 29. Rxd3 Rxd3 30. Nxd3 Kf8 31. Ne5 Nd5 32. g3 Nc3 33. a3 Nb1
34. a4 Nc3 35. Nc6 a5 36. Nd4 Nxa4 37. Nb5 Ke7 38. Kd2 Kd7 39. Kc2 Kc6 40. Nd4+
Kd5 0-1

[Event "TCh-CHN Division A 2014"]
[Site "Shaoguan CHN"]
[Date "2014.07.24"]
[Round "8.5"]
[White "Ding, Liren"]
[Black "Zhou, Jianchao"]
[Result "1-0"]
[WhiteTitle "GM"]
[BlackTitle "GM"]
[WhiteElo "2730"]
[BlackElo "2590"]
[WhiteTeam "Zhejiang"]
[BlackTeam "Shanghai"]
[WhiteFideId "8603677"]
[BlackFideId "8603537"]
[EventDate "2014.04.12"]

1. d4 d5 2. c4 e6 3. Nf3 Nf6 4. g3 Bb4+ 5. Bd2 Be7 6. Bg2 O-O 7. O-O Nbd7 8. Qb3
Nb6 9. c5 Nc4 10. Qc2 b6 11. c6 Qd6 12. Rc1 Nxd2 13. Nbxd2 a5 14. Ne5 Rd8 15.
Re1 Ba6 16. Rad1 Qb4 17. e3 a4 18. a3 Qa5 19. g4 g6 20. g5 Ne8 21. h4 Nd6 22.
Qc1 Nf5 23. Ndf3 Rd6 24. h5 Bb5 25. Bh3 Qa6 26. Rd2 Qc8 27. Kh2 Qe8 28. Rc2 Rdd8
29. Kg2 Nd6 30. hxg6 hxg6 31. Rh1 Bf8 32. Ng4 Bg7 33. Nf6+ Bxf6 34. gxf6 Ne4 35.
Qg1 Nxf6 36. Qh2 Bd3 37. Bf5 1-0

[Event "TCh-CHN Division A 2014"]
[Site "Shaoguan CHN"]
[Date "2014.07.24"]
[Round "8.5"]
[White "Lu, Shanglei"]
[Black "Ni, Hua"]
[Result "1/2-1/2"]
[WhiteTitle "GM"]
[BlackTitle "GM"]
[WhiteElo "2566"]
[BlackElo "2677"]
[WhiteTeam "Zhejiang"]
[BlackTeam "Shanghai"]
[WhiteFideId "8603332"]
[BlackFideId "8601160"]
[EventDate "2014.04.12"]

1. e4 c6 2. Nc3 d5 3. Nf3 Nf6 4. Qe2 Bg4 5. exd5 Bxf3 6. Qxf3 cxd5 7. d4 Nc6 8.
Ne2 g6 9. c3 Bg7 10. Ng3 O-O 11. Be2 e5 12. dxe5 Nxe5 13. Qf4 Nc6 14. O-O d4 15.
Bf3 dxc3 16. bxc3 Nd5 17. Qc4 Nxc3 18. Ba3 Re8 19. Rac1 Na5 20. Qf4 Rc8 21. Rfe1
Rxe1+ 22. Rxe1 Qd4 23. Qg5 b5 24. Bc1 h6 25. Qe7 Bf8 26. Be3 Bxe7 27. Bxd4 Bf8
28. Rc1 b4 29. Bxa7 Nc4 30. Rc2 Bg7 31. h3 Ne5 32. Bd5 Nc6 33. Bxc6 Rxc6 34. Ne2
f5 35. Kf1 Kf7 36. Be3 Rd6 37. Nxc3 bxc3 38. Bc5 Re6 39. Bb4 Ke8 40. Bxc3 Bxc3
41. Rxc3 1/2-1/2

[Event "TCh-CHN Division A 2014"]
[Site "Shaoguan CHN"]
[Date "2014.07.24"]
[Round "8.5"]
[White "Lan, Zilun"]
[Black "Lou, Yiping"]
[Result "1/2-1/2"]
[BlackTitle "IM"]
[WhiteElo "2147"]
[BlackElo "2461"]
[WhiteTeam "Zhejiang"]
[BlackTeam "Shanghai"]
[WhiteFideId "8604193"]
[BlackFideId "8603928"]
[EventDate "2014.04.12"]

1. d4 Nf6 2. c4 e6 3. Nf3 Bb4+ 4. Bd2 a5 5. g3 d5 6. Qb3 Be7 7. Bg2 O-O 8. O-O
c6 9. Nc3 Nbd7 10. Rfe1 Ne4 11. cxd5 Nxd2 12. Nxd2 exd5 13. a3 Qb6 14. e3 Qxb3
15. Nxb3 a4 16. Nd2 Nb6 17. Bf1 Bf5 18. Nf3 Rfd8 19. Ne5 f6 20. Nf3 g5 21. Rad1
Kf7 22. Bd3 Bxd3 23. Rxd3 Nc4 24. Rb1 f5 25. Nd2 b5 26. Nxc4 bxc4 27. Rd2 g4 28.
Kg2 Rdb8 29. Rh1 Rb3 30. Rc2 h5 31. h3 Kg6 32. hxg4 hxg4 33. Rd1 Bd6 34. Rh1
Rab8 35. Rh2 Be7 36. Rh1 Kg7 37. Rh5 Kg6 38. Rh1 Bf6 39. Rd2 R8b7 40. Rc2 Bg5 1/2-1/2

[Event "TCh-CHN Division A 2014"]
[Site "Shaoguan CHN"]
[Date "2014.07.24"]
[Round "8.5"]
[White "Zhang, Xiaowen"]
[Black "Zhu, Jiner"]
[Result "1-0"]
[WhiteTitle "WGM"]
[WhiteElo "2355"]
[BlackElo "1922"]
[WhiteTeam "Shanghai"]
[BlackTeam "Zhejiang"]
[WhiteFideId "8603219"]
[BlackFideId "8608059"]
[EventDate "2014.04.12"]

1. e4 c5 2. Nf3 d6 3. d4 Nf6 4. Nc3 cxd4 5. Nxd4 a6 6. Be2 e6 7. O-O Qc7 8. f4
Be7 9. Kh1 O-O 10. Be3 Nc6 11. Qe1 Nxd4 12. Bxd4 b5 13. Qg3 Bb7 14. a3 Rad8 15.
Rae1 Rd7 16. Bd3 Qd8 17. Qh3 h6 18. Rf3 Re8 19. Rg3 Kh8 20. Nd1 Bf8 21. e5 dxe5
22. Bxe5 Bd5 23. Ne3 Qe7 24. Ng4 Nxg4 25. Qxg4 f5 26. Qg6 Kg8 27. Qxh6 Qf7 28.
Be2 Rc8 29. c3 Be4 30. Qg5 Rd2 31. Bh5 Qb7 32. Bd4 Rxb2 33. Bg6 Bd6 34. Bh7+
Kxh7 35. Qg6+ Kg8 36. Qxe6+ Kf8 37. Bxg7+ 1-0

[Event "TCh-CHN Division A 2014"]
[Site "Shaoguan CHN"]
[Date "2014.07.24"]
[Round "8.5"]
[White "Ju, Wenjun"]
[Black "Ding, Yixin"]
[Result "1-0"]
[WhiteTitle "WGM"]
[BlackTitle "WGM"]
[WhiteElo "2582"]
[BlackElo "2440"]
[WhiteTeam "Shanghai"]
[BlackTeam "Zhejiang"]
[WhiteFideId "8603006"]
[BlackFideId "8602972"]
[EventDate "2014.04.12"]

1. c4 Nf6 2. Nf3 g6 3. Nc3 Bg7 4. g3 c5 5. Bg2 d5 6. cxd5 Nxd5 7. Qa4+ Nc6 8.
Qc4 Ndb4 9. O-O O-O 10. Qxc5 Bf5 11. d3 Rc8 12. Qb5 Nc2 13. Rb1 N6b4 14. Qxb7
Rb8 15. Qxa7 Qd6 16. Bf4 e5 17. Be3 Rfc8 18. Ng5 Qf8 19. Nd5 Nc6 20. Qc5 N6d4
21. Qxf8+ Bxf8 22. Bxd4 Nxd4 23. e4 Ne2+ 24. Kh1 Be6 25. Nxe6 fxe6 26. Ne3 Nd4
27. Nc4 Nc6 28. Bh3 Re8 29. Rfd1 Kf7 30. Rbc1 Red8 31. a3 Bh6 32. Rc3 Ke7 33. b4
Rd7 34. Rb1 Rdb7 35. Kg2 Bg5 36. Bg4 Bf6 37. Rbc1 Nd4 38. Na5 Rd7 39. Nc6+ Nxc6
40. Rxc6 Rd6 41. Rc7+ Rd7 42. R1c6 Rxc7 43. Rxc7+ Kd6 44. Ra7 Rb6 45. Bd1 h5 46.
Ba4 1-0

[Event "TCh-CHN Division A 2014"]
[Site "Shaoguan CHN"]
[Date "2014.07.24"]
[Round "8.6"]
[White "Wan, Yunguo"]
[Black "Wang, Chen"]
[Result "1/2-1/2"]
[WhiteTitle "IM"]
[BlackTitle "IM"]
[WhiteElo "2493"]
[BlackElo "2508"]
[WhiteTeam "Hebei"]
[BlackTeam "Chongqing"]
[WhiteFideId "8603189"]
[BlackFideId "8601020"]
[EventDate "2014.04.12"]

1. e4 c5 2. Nf3 e6 3. c3 Nf6 4. e5 Nd5 5. d4 cxd4 6. cxd4 d6 7. Bc4 Nc6 8. O-O
Be7 9. Bd2 O-O 10. Nc3 Nxc3 11. Bxc3 d5 12. Bd3 Bd7 13. Rc1 Qb6 14. h4 Qd8 15.
h5 f5 16. exf6 gxf6 17. Nh4 Qe8 18. g3 Qf7 19. f4 f5 20. Nf3 Qxh5 21. Kg2 Qg4
22. Rh1 Rf7 23. Be2 Qg7 24. Bb5 a6 25. Bxc6 Bxc6 26. Qe1 Bf6 27. Qd2 Kh8 28. Bb4
Rg8 29. Rh3 Rd7 30. Qe3 Re8 31. Rch1 Bb5 32. Rc1 Rc7 33. Rc3 Rxc3 34. bxc3 Qg4
35. Rh6 Rg8 36. Ne5 Bxe5 37. Qxe5+ Rg7 38. Qe3 Qd1 1/2-1/2

[Event "TCh-CHN Division A 2014"]
[Site "Shaoguan CHN"]
[Date "2014.07.24"]
[Round "8.6"]
[White "Wang, Rui"]
[Black "Zhou, Weiqi"]
[Result "0-1"]
[WhiteTitle "GM"]
[BlackTitle "GM"]
[WhiteElo "2394"]
[BlackElo "2614"]
[WhiteTeam "Hebei"]
[BlackTeam "Chongqing"]
[WhiteFideId "8601003"]
[BlackFideId "8601674"]
[EventDate "2014.04.12"]

1. e4 e5 2. Nf3 Nc6 3. Bb5 a6 4. Ba4 Nf6 5. O-O Be7 6. Re1 b5 7. Bb3 d6 8. c3
O-O 9. h3 Bb7 10. d3 Re8 11. Ng5 Rf8 12. Nf3 a5 13. Nbd2 a4 14. Bc2 Re8 15. Nf1
Bf8 16. Ng3 g6 17. d4 Bg7 18. Bd3 Ba6 19. Bg5 Qb8 20. Qd2 b4 21. d5 Bxd3 22.
Qxd3 Na5 23. cxb4 Qxb4 24. Rec1 Nd7 25. Qc3 Qxc3 26. Rxc3 Nc5 27. Be3 Bf8 28.
Rd1 Rab8 29. Rc2 Rb5 30. Bxc5 dxc5 31. Nf1 f6 32. Ne3 Reb8 33. Rb1 Bh6 34. Nc4
Nxc4 35. Rxc4 Rxb2 36. Rxb2 Rxb2 37. Rxc5 Rxa2 38. Rxc7 Bf8 39. Rc6 a3 40. Kh2
Rxf2 41. d6 a2 42. d7 Be7 43. Ra6 Kf7 44. Kg3 Re2 45. Ng1 Re1 0-1

[Event "TCh-CHN Division A 2014"]
[Site "Shaoguan CHN"]
[Date "2014.07.24"]
[Round "8.6"]
[White "Yang, Kaiqi"]
[Black "Zvjaginsev, Vadim"]
[Result "1/2-1/2"]
[WhiteTitle "IM"]
[BlackTitle "GM"]
[WhiteElo "2351"]
[BlackElo "2655"]
[WhiteTeam "Hebei"]
[BlackTeam "Chongqing"]
[WhiteFideId "8604398"]
[BlackFideId "4113403"]
[EventDate "2014.04.12"]

1. e4 c5 2. Nf3 d6 3. d4 cxd4 4. Nxd4 Nf6 5. Nc3 Bd7 6. Bg5 Nc6 7. Qd2 h6 8.
Bxf6 gxf6 9. O-O-O Nxd4 10. Qxd4 Qa5 11. Kb1 Rc8 12. f4 Rg8 13. g3 f5 14. e5 e6
15. Qd2 Qb6 16. Bg2 Be7 17. Rhf1 d5 18. Ne2 Ba3 19. c3 Bb5 1/2-1/2

[Event "TCh-CHN Division A 2014"]
[Site "Shaoguan CHN"]
[Date "2014.07.24"]
[Round "8.6"]
[White "Huang, Qian"]
[Black "Zhai, Mo"]
[Result "1/2-1/2"]
[WhiteTitle "WGM"]
[BlackTitle "WIM"]
[WhiteElo "2464"]
[BlackElo "2325"]
[WhiteTeam "Chongqing"]
[BlackTeam "Hebei"]
[WhiteFideId "8602689"]
[BlackFideId "8600201"]
[EventDate "2014.04.12"]

1. Nf3 Nf6 2. g3 e6 3. Bg2 d5 4. O-O Be7 5. d3 O-O 6. Nbd2 c5 7. e4 Nc6 8. Qe2
Qc7 9. Re1 Re8 10. Nf1 b5 11. Bg5 d4 12. e5 Nd5 13. Bxe7 Ndxe7 14. h4 Bb7 15. h5
h6 16. g4 Nd5 17. Qd2 f6 18. exf6 Nxf6 19. N3h2 Rab8 20. Ng3 Ne5 21. Bxb7 Rxb7
22. g5 hxg5 23. Qxg5 Nf7 24. Qg6 Nh8 25. Qg5 Nf7 26. Qg6 Nh8 27. Qg5 1/2-1/2

[Event "TCh-CHN Division A 2014"]
[Site "Shaoguan CHN"]
[Date "2014.07.24"]
[Round "8.6"]
[White "Tan, Zhongyi"]
[Black "Wang, Doudou"]
[Result "1/2-1/2"]
[WhiteTitle "WGM"]
[BlackTitle "WIM"]
[WhiteElo "2465"]
[BlackElo "2215"]
[WhiteTeam "Chongqing"]
[BlackTeam "Hebei"]
[WhiteFideId "8603642"]
[BlackFideId "8603197"]
[EventDate "2014.04.12"]

1. d4 d5 2. Nf3 Nf6 3. c4 c6 4. Nc3 e6 5. Bg5 Nbd7 6. cxd5 exd5 7. e3 Be7 8. Bd3
Nh5 9. Bxe7 Qxe7 10. O-O O-O 11. Qb1 g6 12. b4 a6 13. a4 Nhf6 14. Rc1 Re8 15. h3
Qd6 16. b5 axb5 17. axb5 Rxa1 18. Qxa1 Nb6 19. bxc6 bxc6 20. Qa7 Nbd7 21. Ne2
Kg7 22. Nf4 Qb8 23. Qa5 Bb7 24. Rb1 Qc8 25. Ne5 Nxe5 26. dxe5 Nd7 27. Qa7 Ba8
28. e6 fxe6 29. Rb8 Qxb8 30. Qxd7+ Kf6 31. Qxh7 Ke5 32. Qd7 Qd8 33. Nxg6+ Kf6
34. Qh7 e5 1/2-1/2

[Event "TCh-CHN Division A 2014"]
[Site "Shaoguan CHN"]
[Date "2014.07.25"]
[Round "9.1"]
[White "Zvjaginsev, Vadim"]
[Black "Yu, Yangyi"]
[Result "1/2-1/2"]
[WhiteTitle "GM"]
[BlackTitle "GM"]
[WhiteElo "2655"]
[BlackElo "2705"]
[WhiteTeam "Chongqing"]
[BlackTeam "Beijing"]
[WhiteFideId "4113403"]
[BlackFideId "8603820"]
[EventDate "2014.04.12"]

1. e4 c5 2. c3 d5 3. exd5 Qxd5 4. d4 Nf6 5. Nf3 e6 6. Be2 Be7 7. O-O cxd4 8.
cxd4 O-O 9. Nc3 Qd6 10. Ne5 Rd8 11. Nb5 Qb6 12. a4 Rf8 13. a5 Qd8 14. Bf3 Nd5
15. Nc3 Nc6 16. Nxd5 exd5 17. a6 Nxe5 18. dxe5 bxa6 19. Bxd5 Rb8 20. Bc4 a5 21.
Qxd8 Bxd8 22. b3 Bc7 23. Ba3 Rd8 24. Be7 Rd2 25. Bd6 Bxd6 26. exd6 Rxd6 27. Rxa5
a6 28. Rfa1 g6 29. Bxa6 Bxa6 30. Rxa6 Rxa6 31. Rxa6 Rxb3 1/2-1/2

[Event "TCh-CHN Division A 2014"]
[Site "Shaoguan CHN"]
[Date "2014.07.25"]
[Round "9.1"]
[White "Zhou, Weiqi"]
[Black "Wang, Hao"]
[Result "1/2-1/2"]
[WhiteTitle "GM"]
[BlackTitle "GM"]
[WhiteElo "2614"]
[BlackElo "2710"]
[WhiteTeam "Chongqing"]
[BlackTeam "Beijing"]
[WhiteFideId "8601674"]
[BlackFideId "8602883"]
[EventDate "2014.04.12"]

1. d4 Nf6 2. c4 g6 3. Nc3 d5 4. cxd5 Nxd5 5. e4 Nxc3 6. bxc3 Bg7 7. Nf3 c5 8.
Rb1 O-O 9. Be2 b6 10. O-O Bb7 11. Qd3 e6 12. Bg5 Qc7 13. Qe3 Nd7 14. e5 Rfc8 15.
Rfc1 Bd5 16. Ba6 Bb7 17. Be2 Bd5 18. Ba6 Bb7 19. Be2 Bd5 20. Ba6 Bb7 1/2-1/2

[Event "TCh-CHN Division A 2014"]
[Site "Shaoguan CHN"]
[Date "2014.07.25"]
[Round "9.1"]
[White "Wang, Chen"]
[Black "Xiu, Deshun"]
[Result "1/2-1/2"]
[WhiteTitle "IM"]
[BlackTitle "GM"]
[WhiteElo "2508"]
[BlackElo "2553"]
[WhiteTeam "Chongqing"]
[BlackTeam "Beijing"]
[WhiteFideId "8601020"]
[BlackFideId "8603693"]
[EventDate "2014.04.12"]

1. e4 c5 2. Nf3 d6 3. Bb5+ Nd7 4. O-O a6 5. Bd3 Ngf6 6. c3 b5 7. Bc2 Bb7 8. Re1
Qc7 9. a4 b4 10. d3 bxc3 11. bxc3 g6 12. Nbd2 Bg7 13. d4 O-O 14. Rb1 cxd4 15.
cxd4 e5 16. Bb2 exd4 17. Bxd4 Rfe8 18. Bb3 d5 19. Rc1 Qd8 20. exd5 Rxe1+ 21.
Qxe1 Bxd5 22. Bxd5 Nxd5 23. Bxg7 Kxg7 24. Qe4 N7f6 25. Qc4 Nb6 26. Qb3 Rc8 27.
Rxc8 Nxc8 28. Qc4 a5 29. h3 Nb6 30. Qc6 Nfd5 31. Nb3 1/2-1/2

[Event "TCh-CHN Division A 2014"]
[Site "Shaoguan CHN"]
[Date "2014.07.25"]
[Round "9.1"]
[White "Wang, Jue"]
[Black "Huang, Qian"]
[Result "0-1"]
[WhiteTitle "WGM"]
[BlackTitle "WGM"]
[WhiteElo "2353"]
[BlackElo "2464"]
[WhiteTeam "Beijing"]
[BlackTeam "Chongqing"]
[WhiteFideId "8604070"]
[BlackFideId "8602689"]
[EventDate "2014.04.12"]

1. e4 b6 2. d4 Bb7 3. Bd3 e6 4. Nf3 d6 5. O-O Nd7 6. Re1 c5 7. c3 Ne7 8. Bg5 Qc7
9. a4 a6 10. Na3 Ng6 11. Rc1 h6 12. Bd2 e5 13. b4 Be7 14. Nc4 O-O 15. Ne3 Rfe8
16. Nf5 Bf8 17. d5 c4 18. Bf1 b5 19. h4 Nf6 20. g3 Bc8 21. Bh3 Bd7 22. a5 Ne7
23. Nxe7+ Bxe7 24. Bxd7 Qxd7 25. Kg2 Ng4 26. Nh2 f5 27. exf5 Nxh2 28. f6 Ng4 29.
fxe7 Rxe7 30. Be3 Rf8 31. f3 Nf6 32. Qd2 Qf5 33. Rcd1 Nh5 34. Rf1 Qg6 35. Qe1
Ref7 36. Rd2 e4 37. f4 Nxf4+ 38. Bxf4 Rxf4 39. Rxf4 Rxf4 40. Rf2 Rxh4 41. Qf1 e3
42. Rf8+ Kh7 43. Qe2 Qd3 44. Qe1 Qxd5+ 0-1

[Event "TCh-CHN Division A 2014"]
[Site "Shaoguan CHN"]
[Date "2014.07.25"]
[Round "9.1"]
[White "Zhao, Xue"]
[Black "Tan, Zhongyi"]
[Result "0-1"]
[WhiteTitle "GM"]
[BlackTitle "WGM"]
[WhiteElo "2514"]
[BlackElo "2465"]
[WhiteTeam "Beijing"]
[BlackTeam "Chongqing"]
[WhiteFideId "8601283"]
[BlackFideId "8603642"]
[EventDate "2014.04.12"]

1. c4 e6 2. Nf3 Nf6 3. g3 d5 4. b3 c5 5. Bg2 d4 6. O-O Nc6 7. e3 Bd6 8. Na3 O-O
9. exd4 cxd4 10. d3 e5 11. Nc2 Re8 12. Rb1 a5 13. Re1 Nb4 14. a3 Nxd3 15. Qxd3
e4 16. Qxd4 exf3 17. Bg5 Bf5 18. Rxe8+ Qxe8 19. Re1 Qc6 20. Ne3 Be4 21. Nd5 Bxd5
22. cxd5 Qc2 23. Bxf3 Bc5 24. Bd1 Bxd4 25. Bxc2 Nxd5 26. Rd1 Nc3 27. Re1 h6 28.
Bd2 Kf8 29. Bf4 g5 30. Bd6+ Kg7 31. a4 Rd8 32. Bc7 Rd5 33. Kg2 b6 34. Re8 Rd7
35. Rc8 Nd5 36. Bb8 Bc5 37. Bf5 Re7 38. Bd3 Nf6 39. h3 Rd7 40. Bc4 Rd2 41. Kf1
Rxf2+ 42. Ke1 Ne4 43. Be5+ f6 44. Rc7+ Kg6 45. Ba1 Bb4+ 46. Kd1 Ra2 47. Bf7+ Kf5 0-1

[Event "TCh-CHN Division A 2014"]
[Site "Shaoguan CHN"]
[Date "2014.07.25"]
[Round "9.2"]
[White "Lou, Yiping"]
[Black "Wan, Yunguo"]
[Result "0-1"]
[WhiteTitle "IM"]
[BlackTitle "IM"]
[WhiteElo "2461"]
[BlackElo "2493"]
[WhiteTeam "Shanghai"]
[BlackTeam "Hebei"]
[WhiteFideId "8603928"]
[BlackFideId "8603189"]
[EventDate "2014.04.12"]

1. d4 Nf6 2. c4 g6 3. Nc3 d5 4. cxd5 Nxd5 5. e4 Nxc3 6. bxc3 Bg7 7. Bc4 c5 8.
Ne2 O-O 9. O-O Nc6 10. Be3 Na5 11. Bd3 b6 12. Rc1 e5 13. dxc5 Be6 14. c4 bxc5
15. Bxc5 Bh6 16. Bxf8 Bxc1 17. Bb4 Bh6 18. Bxa5 Qxa5 19. Qb3 Rd8 20. Qd1 Ra8 21.
Qb3 Rd8 22. Rd1 Bd2 23. h3 h5 24. Qc2 Bb4 25. Nc1 Qa6 26. Kh2 Rc8 27. Nb3 Bxc4
28. Bxc4 Rxc4 29. Nc1 Rc8 30. Nb3 Rc4 31. Rd8+ Kg7 32. Qd3 Qc6 33. Rb8 Bd6 34.
Rd8 Be7 35. Rd7 Rc3 36. Qd1 Bg5 37. Kg1 Qxe4 38. Rxa7 Rd3 39. Qf1 Rc3 40. Qd1 h4
41. Rd7 Rc2 42. a4 Qf5 43. f3 Be3+ 44. Kh1 Rb2 45. Rd3 Qg5 46. Qf1 Rf2 47. Qg1
Rxf3 48. Qd1 Rf2 49. Qg1 Qf4 0-1

[Event "TCh-CHN Division A 2014"]
[Site "Shaoguan CHN"]
[Date "2014.07.25"]
[Round "9.2"]
[White "Zhou, Jianchao"]
[Black "Wang, Rui"]
[Result "1/2-1/2"]
[WhiteTitle "GM"]
[BlackTitle "GM"]
[WhiteElo "2590"]
[BlackElo "2394"]
[WhiteTeam "Shanghai"]
[BlackTeam "Hebei"]
[WhiteFideId "8603537"]
[BlackFideId "8601003"]
[EventDate "2014.04.12"]

1. c4 e6 2. Nc3 d5 3. d4 Nf6 4. cxd5 exd5 5. Bg5 c6 6. e3 Be7 7. Bd3 Nbd7 8. Nf3
Nh5 9. Bxe7 Qxe7 10. O-O O-O 11. Qb1 g6 12. b4 Ndf6 13. Rc1 Be6 14. b5 Rfc8 15.
a4 Ng7 16. Qb2 Nf5 17. bxc6 Rxc6 18. Ne5 Rcc8 19. a5 Nd6 20. Qb4 Qd8 21. Na4
Rxc1+ 22. Rxc1 Rc8 23. Rxc8 Bxc8 24. Qc5 a6 25. Nb6 Be6 26. f3 Kg7 27. Bc2 h5
28. Na4 Nc8 29. Qb4 Nd7 30. Nxd7 Bxd7 31. Nc5 Bc6 32. Nd3 Qg5 33. f4 Qg4 34. Qd2 1/2-1/2